[Event "WYCC U18 Girls 2013"]
[Site "Al-Ain UAE"]
[Date "2013.12.24"]
[Round "8.2"]
[White "Ziaziulkina, Nastassia"]
[Black "Aranaz Murillo, Amalia"]
[Result "1-0"]
[WhiteTitle "WGM"]
[BlackTitle "WIM"]
[WhiteElo "2354"]
[BlackElo "2262"]
[WhiteFideId "13505211"]
[BlackFideId "22200371"]
[EventDate "2013.12.18"]

1. e4 e6 2. d4 d5 3. Nc3 Nf6 4. e5 Nfd7 5. f4 c5 6. Nf3 Nc6 7. Be3 Be7 8. Qd2
O-O 9. dxc5 Bxc5 10. O-O-O Qa5 11. a3 Be7 1-0

[Event "WYCC U18 Girls 2013"]
[Site "Al-Ain UAE"]
[Date "2013.12.24"]
[Round "8.5"]
[White "Atabayeva, Gozel"]
[Black "Osmanodja, Filiz"]
[Result "1-0"]
[WhiteTitle "WFM"]
[BlackTitle "WIM"]
[WhiteElo "2069"]
[BlackElo "2274"]
[WhiteFideId "14001896"]
[BlackFideId "24633569"]
[EventDate "2013.12.18"]

1. e4 c5 2. Nf3 d6 3. d4 cxd4 4. Nxd4 Nf6 5. Nc3 Nc6 6. Bg5 e6 7. Be2 Be7 8. Nb3
a6 9. Qd2 h6 10. Be3 b5 11. a3 Rb8 12. f4 Qc7 13. O-O O-O 14. Bf3 a5 15. a4 bxa4
16. Rxa4 Nd7 17. Be2 Nc5 18. Nxc5 dxc5 19. Nb5 Qb6 20. c4 Rd8 21. Qc3 Ba6 22.
Kh1 Nd4 23. Bxd4 cxd4 24. Qd3 Bb4 25. Raa1 Rbc8 26. e5 Bxb5 27. cxb5 Rc5 28.
Rac1 Qc7 29. Rxc5 Qxc5 30. Bf3 a4 31. h3 Ba5 32. Bc6 Qb4 33. Rb1 Qb3 34. Be4 Bb6
35. Qxb3 axb3 36. Rd1 Rc8 37. Bc6 Rc7 38. Rd3 Ra7 39. Rxb3 Ra2 40. Be4 Ra1+ 41.
Kh2 Re1 42. Bf3 f6 43. Bg4 Kf7 44. Ra3 Bc5 45. Ra6 d3 46. Bxe6+ Kg6 47. Bg4 d2
48. Bf3 Bg1+ 49. Kg3 d1=Q 50. Bxd1 Rxd1 51. Kf3 Rf1+ 52. Ke4 Bh2 53. e6 Rxf4+
54. Kd5 Rb4 55. b6 Rxb2 56. Ra8 Rd2+ 57. Kc5 f5 58. e7 Bd6+ 59. Kc6 Bxe7 60. b7
Rb2 61. b8=Q Rxb8 62. Rxb8 f4 63. Kd5 Kg5 64. Ke4 Bd6 65. Rb6 Be7 66. Rb5+ Kh4
67. Kxf4 Bd6+ 68. Kf3 g5 69. Rb6 Bf8 70. Rf6 Bg7 71. Rf7 Be5 72. g4 Kxh3 73. Rh7
Bg3 74. Rxh6+ Bh4 75. Rh5 Kh2 76. Ke4 Kg3 77. Kf5 Kf3 78. Rxg5 1-0

[Event "WYCC U18 Girls 2013"]
[Site "Al-Ain UAE"]
[Date "2013.12.24"]
[Round "8.6"]
[White "Rodriguez Rueda, Paula Andrea"]
[Black "Juhasz, Barbara"]
[Result "1-0"]
[WhiteTitle "WIM"]
[BlackTitle "WFM"]
[WhiteElo "2257"]
[BlackElo "2152"]
[WhiteFideId "4404564"]
[BlackFideId "743585"]
[EventDate "2013.12.18"]

1. d4 Nf6 2. c4 g6 3. Nc3 Bg7 4. e4 d6 5. f3 O-O 6. Be3 c5 7. Nge2 Nc6 8. d5 Ne5
9. Ng3 e6 10. Be2 exd5 11. cxd5 a6 12. a4 Bd7 13. O-O Qb6 14. Qd2 Qb4 15. a5 Nc4
16. Bxc4 Qxc4 17. h3 Bb5 1-0

[Event "WYCC U18 Girls 2013"]
[Site "Al-Ain UAE"]
[Date "2013.12.24"]
[Round "8.7"]
[White "Bivol, Alina"]
[Black "Nevioselaya, Maria"]
[Result "1-0"]
[WhiteTitle "WIM"]
[WhiteElo "2236"]
[BlackElo "2088"]
[WhiteFideId "4100123"]
[BlackFideId "13502280"]
[EventDate "2013.12.18"]

1. e4 e5 2. Nc3 Nf6 3. g3 d5 4. exd5 Nxd5 5. Bg2 Nxc3 6. bxc3 Bd6 7. Nf3 O-O 8.
O-O c6 9. d4 exd4 10. cxd4 Be6 11. Qd3 h6 12. c4 Nd7 13. Rd1 Be7 14. d5 cxd5 15.
cxd5 Bg4 16. Bf4 Nc5 17. Qd4 Bxf3 18. Bxf3 Bd6 19. Bd2 Nd7 20. Rab1 b6 21. Bg2
Rc8 22. Rbc1 Rc5 23. Qa4 Qc7 24. Be3 Rxc1 25. Rxc1 Nc5 26. Qd1 f5 27. Bd4 f4 28.
Qg4 fxg3 29. hxg3 Qe7 30. Rc2 Qf7 31. Re2 g6 32. Bc3 Kh7 33. Qd4 Nd7 34. Qh4 Nf6
35. Bd2 Nh5 36. Bb4 Bxb4 37. Qxb4 Re8 38. Rxe8 Qxe8 39. d6 Nf6 40. Qc3 Kg7 41.
Qc7+ Qf7 42. Bh3 Nd5 43. Qc8 Nf6 44. d7 Ne4 45. Qc2 Qe7 1-0

[Event "WYCC U18 Girls 2013"]
[Site "Al-Ain UAE"]
[Date "2013.12.24"]
[Round "8.10"]
[White "Xiao, Yiyi"]
[Black "Marikova, Jana"]
[Result "1-0"]
[WhiteTitle "WFM"]
[WhiteElo "2163"]
[BlackElo "2062"]
[WhiteFideId "8606161"]
[BlackFideId "334138"]
[EventDate "2013.12.18"]

1. e4 c5 2. Nf3 d6 3. d4 cxd4 4. Qxd4 Bd7 5. Bc4 Nc6 6. Qd3 e6 7. Nc3 a6 8. Bf4
Qc7 9. O-O-O Na5 10. Bb3 Nxb3+ 11. axb3 e5 12. Nd5 Qa5 13. b4 Qd8 14. Be3 Bb5
15. Qb3 Be2 16. Bb6 Qc8 17. Nc7+ Ke7 18. Rxd6 Kxd6 19. Qd5+ 1-0

[Event "WYCC U18 Girls 2013"]
[Site "Al-Ain UAE"]
[Date "2013.12.24"]
[Round "8.11"]
[White "Bezkorovaina, Mariia"]
[Black "Saranya, J"]
[Result "1-0"]
[BlackTitle "WFM"]
[WhiteElo "2081"]
[BlackElo "2057"]
[WhiteFideId "14116324"]
[BlackFideId "5031931"]
[EventDate "2013.12.18"]

1. e4 c5 2. Ne2 d6 3. Nbc3 a6 4. f4 Nf6 5. d4 cxd4 6. Nxd4 e6 7. Be2 b5 8. a3
Bb7 9. Bf3 Nbd7 10. O-O Be7 11. Be3 Qc7 12. Qe2 Nc5 13. Bf2 Rc8 14. g4 h6 15.
Bg3 Qb6 16. Rad1 g5 17. e5 Nfd7 18. b4 gxf4 19. exd6 fxg3 20. bxc5 gxh2+ 21. Kh1
Rxc5 22. Nxe6 Re5 23. Nc7+ Kd8 24. dxe7+ Rxe7 25. Qxe7+ 1-0

[Event "WYCC U18 Girls 2013"]
[Site "Al-Ain UAE"]
[Date "2013.12.24"]
[Round "8.12"]
[White "Duessler, Stefanie"]
[Black "Unapkoshvili, Nani"]
[Result "1/2-1/2"]
[WhiteElo "2046"]
[BlackElo "2081"]
[WhiteFideId "4634780"]
[BlackFideId "13605518"]
[EventDate "2013.12.18"]

1. e4 d6 2. Nc3 e5 3. f4 exf4 4. d4 Qh4+ 5. Ke2 b6 6. Qe1 Ba6+ 7. Kd1 Qxe1+ 8.
Kxe1 Bxf1 9. Kxf1 g5 10. h4 f6 11. Nf3 Bh6 12. Nd5 Na6 13. Nxf6+ Nxf6 14. hxg5
Nxe4 15. Rxh6 O-O 16. Re6 d5 17. c3 c5 18. Re5 Rad8 19. Ke2 cxd4 20. Nxd4 Nac5
21. Bd2 Ng3+ 22. Kf3 Nd3 23. Re7 Ne4 24. Rh1 Nxg5+ 25. Ke2 Nc5 26. Rxa7 Rde8+
27. Kd1 Nce4 28. Rh6 Rb8 29. Nf3 Nf7 30. Rh4 Nxd2 31. Kxd2 Ra8 32. Rg4+ Kh8 33.
Rxa8 Rxa8 34. Rxf4 Nd6 35. a3 Nc4+ 36. Kc2 Ne3+ 37. Kd2 Nc4+ 38. Kc1 Re8 39. Nd4
Re1+ 40. Kc2 Rg1 41. Rf2 Rxg2 42. Rxg2 Ne3+ 43. Kd3 Nxg2 44. Nf3 Kg7 45. Kd4 Nf4
46. b4 Kf6 47. a4 Ke7 48. Ke3 Ne6 49. Nd4 Ng5 50. Kf4 Ne4 51. Nb5 Ke6 52. c4 Nf6
53. c5 bxc5 54. bxc5 Ne4 55. Nc7+ Kd7 56. Nxd5 Nxc5 57. a5 Kc6 1/2-1/2

[Event "WYCC U18 Girls 2013"]
[Site "Al-Ain UAE"]
[Date "2013.12.24"]
[Round "8.15"]
[White "Regam, Jessica"]
[Black "Baraeva, Marina"]
[Result "1/2-1/2"]
[WhiteTitle "WFM"]
[BlackTitle "WIM"]
[WhiteElo "2019"]
[BlackElo "2136"]
[WhiteFideId "2033496"]
[BlackFideId "24142573"]
[EventDate "2013.12.18"]

1. e4 e6 2. d4 d5 3. e5 c5 4. c3 Bd7 5. Nf3 Qb6 6. Be2 cxd4 7. Nxd4 Nc6 8. Nxc6
bxc6 9. O-O Ne7 10. Nd2 Ng6 11. Nf3 Be7 12. Bd3 O-O 13. h4 Qc7 14. Re1 f6 15.
Bxg6 hxg6 16. Bf4 Qb6 17. Qc2 Kf7 18. Re2 c5 19. Rae1 Rh8 20. g4 f5 21. h5 gxh5
22. gxf5 Rae8 23. Kh2 Reg8 24. Bg5 Bxg5 25. Nxg5+ Ke7 26. f6+ gxf6 27. exf6+
Kxf6 28. Rxe6+ Bxe6 29. Rxe6+ Qxe6 30. Nxe6 Kxe6 31. Qe2+ Kf5 32. Qf3+ Ke5 33.
Qe3+ Kd6 34. Qf4+ Ke6 35. Qc7 Rc8 36. Qxa7 Rhd8 37. Qa6+ Ke7 38. Qe2+ Kd6 39.
Qe3 Kc6 40. a4 d4 41. Qe6+ Kb7 42. cxd4 Rxd4 43. Qf7+ Rc7 44. Qf3+ Ka7 45. b3 h4
46. Qc3 Rb4 47. Qe3 Rd4 1/2-1/2

[Event "WYCC U18 Girls 2013"]
[Site "Al-Ain UAE"]
[Date "2013.12.24"]
[Round "8.16"]
[White "Lezhepekova, Veronika"]
[Black "Nouman, Amna"]
[Result "1-0"]
[WhiteTitle "WFM"]
[BlackTitle "WFM"]
[WhiteElo "2121"]
[BlackElo "1833"]
[WhiteFideId "24146137"]
[BlackFideId "9301500"]
[EventDate "2013.12.18"]

1. e4 e5 2. Bc4 Nf6 3. d3 c6 4. Nd2 d5 5. Bb3 Bd6 6. Ngf3 h6 7. c3 O-O 8. O-O
Re8 9. Re1 Nbd7 10. Nf1 Nf8 11. Bc2 Ng6 12. Ng3 Bc7 13. Nf5 dxe4 14. dxe4 Qxd1
15. Rxd1 Nf4 16. Nd6 Bxd6 17. Rxd6 Ne2+ 18. Kf1 Nxc1 19. Rxc1 Bg4 20. Nd2 Be6
21. f3 Rad8 22. Rxd8 Rxd8 23. Ke2 Kf8 24. Bb3 Ke7 25. Bxe6 Kxe6 26. Nc4 b6 27.
a4 Ne8 28. b4 Nd6 29. Ne3 g6 30. g4 f5 31. gxf5+ gxf5 32. exf5+ Nxf5 33. Nxf5
Kxf5 34. Rg1 Kf6 35. h4 Rd7 36. Rg8 Rc7 37. Ke3 c5 38. b5 Rg7 39. Rf8+ Kg6 40.
Ke4 Re7 41. Rf5 Rd7 42. h5+ Kg7 43. Rxe5 Kf6 44. Rf5+ Ke6 45. Rf8 Rh7 46. f4 Ke7
47. Rg8 Kf7 48. Rg6 Ke7 49. f5 Kf7 50. Ke5 Ke7 51. Rc6 Kd7 52. Kf6 1-0

[Event "WYCC U18 Girls 2013"]
[Site "Al-Ain UAE"]
[Date "2013.12.24"]
[Round "8.17"]
[White "Bengtsson, Jessica"]
[Black "Dragieva, Denitza"]
[Result "0-1"]
[BlackTitle "WFM"]
[WhiteElo "1970"]
[BlackElo "2095"]
[WhiteFideId "1711083"]
[BlackFideId "2907232"]
[EventDate "2013.12.18"]

1. e4 e5 2. Nf3 Nc6 3. Bb5 a6 4. Bxc6 dxc6 5. O-O Bg4 6. h3 Bh5 7. d3 Bd6 8. Be3
Ne7 9. Nbd2 c5 10. c3 f6 11. Qb3 Nc6 12. d4 Bf7 13. d5 O-O 14. Nc4 b5 15. Nxd6
cxd6 16. Qc2 Ne7 17. b3 f5 18. Ng5 f4 19. Bd2 h6 20. Nxf7 Rxf7 21. f3 Qd7 22. a4
Rff8 23. axb5 axb5 24. c4 b4 25. Qb2 Qb7 26. Rxa8 Rxa8 27. Ra1 Ra7 28. Kf2 Qa8
29. Rxa7 Qxa7 30. Bc1 g5 31. Qb1 Ng6 32. Bb2 Nh8 33. Qa1 Qxa1 34. Bxa1 Nf7 35.
Ke2 Nd8 36. Bb2 h5 37. Bc1 Kf7 38. Bd2 Kg6 39. Be1 Nf7 40. Bf2 g4 41. hxg4 hxg4
42. Bh4 Ng5 43. Bxg5 Kxg5 44. Kf1 Kh4 45. fxg4 Kxg4 46. Kf2 Kh4 47. Kf3 Kh5 48.
g3 fxg3 49. Kxg3 Kg5 50. Kh3 Kf4 51. Kh4 Kxe4 52. Kg5 Kd4 53. Kf5 e4 54. Ke6 e3
55. Kxd6 e2 56. Kc7 e1=Q 57. d6 Qg3 58. Kc6 Qxb3 0-1

[Event "WYCC U18 Girls 2013"]
[Site "Al-Ain UAE"]
[Date "2013.12.24"]
[Round "8.18"]
[White "Soyunlu, Narmin"]
[Black "Botez, Alexandra"]
[Result "0-1"]
[BlackTitle "WFM"]
[WhiteElo "1908"]
[BlackElo "2086"]
[WhiteFideId "13400843"]
[BlackFideId "2603365"]
[EventDate "2013.12.18"]

1. d4 Nf6 2. Nf3 g6 3. Bg5 Bg7 4. Nbd2 d6 5. e4 O-O 6. c3 h6 7. Bh4 Nh5 8. Bc4
c6 9. O-O Qc7 10. Qc2 b5 11. Bb3 a5 12. a4 Ba6 13. Rfe1 g5 14. Bg3 Nxg3 15. hxg3
Nd7 16. e5 dxe5 17. dxe5 Nxe5 18. Nxe5 Bxe5 19. Qf5 Bg7 20. Bc2 Rfd8 21. Qh7+
Kf8 22. Ne4 b4 23. cxb4 axb4 24. Nc5 Bc4 25. Re4 Bd5 26. Rxb4 Qd6 27. Nd3 c5 28.
Rg4 Be6 29. Re4 c4 30. Ne1 Bd5 31. Re3 Bxb2 32. Rd1 Qf6 33. Nf3 e6 34. Nh2 Qg7
35. Qxg7+ Kxg7 36. Nf3 Bxf3 37. Rxf3 Rxd1+ 38. Bxd1 Rd8 39. Be2 c3 40. Bd3 Rxd3 0-1

[Event "WYCC U18 Girls 2013"]
[Site "Al-Ain UAE"]
[Date "2013.12.24"]
[Round "8.19"]
[White "Vujnovic, Patricija"]
[Black "Anjana Krishna, S"]
[Result "0-1"]
[WhiteElo "2081"]
[BlackElo "1877"]
[WhiteFideId "14502313"]
[BlackFideId "5046424"]
[EventDate "2013.12.18"]

1. d4 d5 2. Bf4 Nf6 3. e3 g6 4. c4 c6 5. Qb3 Bg7 6. Nc3 O-O 7. Nf3 dxc4 8. Bxc4
b5 9. Be2 Be6 10. Qc2 Nbd7 11. Ng5 Bc4 12. Bxc4 bxc4 13. O-O Nd5 14. Bg3 N7b6
15. Nge4 Re8 16. Ne2 Qc8 17. a3 Qa6 18. Rfc1 Rac8 19. Nc5 Qa5 20. e4 Nc7 21. b4
cxb3 22. Qxb3 Nb5 23. e5 Nd5 24. a4 Nbc7 25. Rab1 Na6 26. Nb7 Qd2 27. Rb2 Qg5
28. Qc4 Nb8 29. Na5 Nb6 30. Qc2 Qg4 31. Nb3 Na6 32. Na5 Nb8 33. Nb7 Nd5 34. h3
Qd7 35. Nc5 Qd8 36. Rcb1 Nc7 37. Qd3 Bf8 38. e6 fxe6 39. Rb7 Nd7 40. Qe3 e5 41.
Nxd7 Qxd7 42. Qxe5 Qd6 43. Qa5 Qe6 44. Nf4 Qe4 45. Re1 Qf5 46. Rxc7 Qxa5 0-1

[Event "WYCC U18 Girls 2013"]
[Site "Al-Ain UAE"]
[Date "2013.12.24"]
[Round "8.21"]
[White "Guo, Emma"]
[Black "Kopnicka, Henrieta"]
[Result "1-0"]
[WhiteTitle "WIM"]
[WhiteElo "2011"]
[BlackElo "1776"]
[WhiteFideId "3200795"]
[BlackFideId "14923564"]
[EventDate "2013.12.18"]

1. d4 Nf6 2. Nf3 e6 3. c4 c5 4. g3 cxd4 5. Nxd4 d5 6. Bg2 e5 7. Nf3 d4 8. O-O
Qc7 9. e3 dxe3 10. Bxe3 Bd6 11. Nc3 a6 12. Rc1 O-O 13. Re1 Rd8 14. Bg5 Be7 15.
Qe2 h6 16. Nd5 Qd6 17. Nxf6+ Bxf6 18. Rcd1 Qc7 19. Rxd8+ Qxd8 20. Rd1 Qe7 21.
Bxf6 gxf6 22. Qd2 Qf8 23. Qd8 Nc6 24. Qxf6 Qg7 25. Qh4 Be6 26. Nd2 Rc8 27. Ne4
Nd4 28. b3 b6 29. Re1 Nf5 30. Qh5 f6 31. Bh3 Nd4 32. Bxe6+ Nxe6 33. Qf5 Rc6 34.
Nxf6+ Kh8 35. Qxe5 1-0

[Event "WYCC U18 Girls 2013"]
[Site "Al-Ain UAE"]
[Date "2013.12.24"]
[Round "8.22"]
[White "Machlik, Edit"]
[Black "Utiatskaja, Irina"]
[Result "0-1"]
[WhiteElo "1855"]
[BlackElo "2069"]
[WhiteFideId "1513591"]
[BlackFideId "24140848"]
[EventDate "2013.12.18"]

1. d4 Nf6 2. c4 e6 3. Nc3 Bb4 4. Qc2 O-O 5. a3 Bxc3+ 6. Qxc3 b6 7. Bg5 Bb7 8. f3
h6 9. Bh4 d5 10. e3 Nbd7 11. cxd5 Nxd5 12. Bxd8 Nxc3 13. Bh4 Nd5 14. e4 Ne3 15.
Kd2 Nxf1+ 16. Rxf1 c5 17. Ne2 Ba6 18. dxc5 Nxc5 19. Ke3 g5 20. Bg3 f5 21. Bd6
Rfd8 22. Bxc5 Rd3+ 23. Kf2 Rd2 24. Bb4 Rxe2+ 25. Kg3 f4+ 26. Kh3 e5 27. Bc3 Kf7
28. Bxe5 h5 29. Bd4 Rd8 30. Rd1 Bc8+ 31. g4 hxg4+ 32. fxg4 Rd6 33. Bg7 Rxd1 34.
Rxd1 Kxg7 35. Rd8 Re3+ 36. Kg2 Bxg4 0-1

[Event "WYCC U18 Girls 2013"]
[Site "Al-Ain UAE"]
[Date "2013.12.24"]
[Round "8.23"]
[White "Kakhramonova, Mokhinur"]
[Black "Korbovljanovic, Natasa"]
[Result "1-0"]
[WhiteElo "2004"]
[BlackElo "1854"]
[WhiteFideId "14201771"]
[BlackFideId "900486"]
[EventDate "2013.12.18"]

1. e4 e5 2. Nf3 Nf6 3. Nxe5 d6 4. Nf3 Nxe4 5. Nc3 Nf6 6. d4 d5 7. Bg5 Be7 8. Bd3
Nc6 9. h3 Nb4 10. O-O Nxd3 11. Qxd3 O-O 12. Ne5 c6 13. f4 Nd7 14. Bxe7 Qxe7 15.
Rae1 Nxe5 16. fxe5 Be6 17. Ne2 Rae8 18. Nf4 Qg5 19. Re3 f6 20. exf6 Rxf6 21. Re5
Qh4 22. Rh5 Qg3 23. Qxg3 1-0

[Event "WYCC U18 Girls 2013"]
[Site "Al-Ain UAE"]
[Date "2013.12.24"]
[Round "8.24"]
[White "Kuckling, Hannah"]
[Black "Xiao, Alice Huanyi"]
[Result "0-1"]
[WhiteElo "1993"]
[BlackElo "1874"]
[WhiteFideId "24603660"]
[BlackFideId "2612550"]
[EventDate "2013.12.18"]

1. e4 d5 2. exd5 Qxd5 3. Nc3 Qa5 4. d4 c6 5. Nf3 Nf6 6. Bc4 Bf5 7. Bd2 Qc7 8.
Qe2 e6 9. Ne5 Nbd7 10. g4 Nxe5 11. gxf5 Nxc4 12. Qxc4 exf5 13. O-O-O O-O-O 14.
Rhg1 h6 15. h4 g6 16. Kb1 Bg7 17. Ne2 Nd5 18. Qd3 Rhe8 19. c4 Nb6 20. Rge1 Qe7
21. c5 Nd5 22. Qa3 Kb8 23. Qg3+ Ka8 24. Ba5 Qe4+ 25. Ka1 b6 26. cxb6 axb6 27.
Bd2 Qc2 28. Qf3 Re4 29. Nc3 Rxd4 30. Nxd5 R4xd5 31. Qa3+ Kb7 32. Re7+ R8d7 33.
Rxd7+ Rxd7 34. Qb3 Bxb2+ 35. Qxb2 Qxd1+ 36. Bc1 Qd4 37. Qxd4 Rxd4 38. Bxh6 Rxh4
39. Be3 f4 40. Bd2 Rh2 0-1

[Event "WYCC U18 Girls 2013"]
[Site "Al-Ain UAE"]
[Date "2013.12.24"]
[Round "8.25"]
[White "Ruhlmann, Helene"]
[Black "Chiarion, Elisa"]
[Result "0-1"]
[WhiteElo "1830"]
[BlackElo "1957"]
[WhiteFideId "20643209"]
[BlackFideId "828653"]
[EventDate "2013.12.18"]

1. d4 d5 2. Nf3 e6 3. g3 Nf6 4. Bg2 c5 5. O-O Nc6 6. dxc5 Bxc5 7. c4 Qb6 8. Nc3
Ne4 9. Nxe4 dxe4 10. Ng5 f5 11. Rb1 a5 12. e3 O-O 13. Qh5 h6 14. Nxe4 fxe4 15.
Bxe4 Ne7 16. b3 Bd7 17. Bb2 Bxe3 18. Qe5 Bxf2+ 19. Kh1 Rf7 20. Rbd1 Nc6 21. Qh5
Nb4 22. Bd4 Bc6 23. Bg2 Bxg2+ 24. Kxg2 Qc6+ 25. Kh3 Rf5 26. Qg4 Bxd4 27. Rxf5
exf5 28. Qxd4 Qe4 0-1

[Event "WYCC U18 Girls 2013"]
[Site "Al-Ain UAE"]
[Date "2013.12.24"]
[Round "8.26"]
[White "Nguyen, Thi Thuy Trien"]
[Black "Alymbay, Kyzy Aizhan"]
[Result "1/2-1/2"]
[WhiteTitle "WFM"]
[WhiteElo "1945"]
[BlackElo "1814"]
[WhiteFideId "12404179"]
[BlackFideId "13800043"]
[EventDate "2013.12.18"]

1. d4 d5 2. c4 e6 3. Nc3 Nf6 4. e3 Be7 5. b3 Nbd7 6. Bd3 b6 7. Nge2 Bb7 8. O-O
O-O 9. Bb2 c5 10. cxd5 cxd4 11. Nxd4 Nxd5 12. Nxd5 Bxd5 13. Rc1 Nc5 14. Bb1 Bf6
15. Qg4 Qe7 16. e4 Bb7 17. e5 Bg5 18. Rc3 f5 19. exf6 Bxf6 20. Rh3 g6 21. b4 Bc8
22. Nc6 Qg7 23. Bxf6 Rxf6 24. bxc5 e5 25. Qe4 Bxh3 26. Nxe5 Bxg2 27. Qxg2 Re8
28. Ng4 Rf4 29. c6 h5 30. Qd5+ Kh8 31. Ne3 Qf6 32. Ng2 Rd4 33. Qb5 Re5 34. Qb3
Qxc6 35. Qg3 Re6 36. h3 Qd6 37. Qc3 Kh7 38. Qf3 Kg7 39. Bc2 Rf6 40. Qb7+ Qd7 41.
Qb8 Qxh3 42. Bb3 Rf3 43. Ne3 Rh4 44. Ng2 Rg4 45. Qh2 1/2-1/2

[Event "WYCC U18 Girls 2013"]
[Site "Al-Ain UAE"]
[Date "2013.12.24"]
[Round "8.28"]
[White "Lepeskaite, Migle"]
[Black "Roy, Ali"]
[Result "0-1"]
[WhiteElo "1810"]
[BlackElo "1891"]
[WhiteFideId "12803065"]
[BlackFideId "2400456"]
[EventDate "2013.12.18"]

1. d4 Nf6 2. c4 g6 3. Nc3 d5 4. Bf4 Bg7 5. Nf3 c6 6. e3 O-O 7. h3 Nbd7 8. Bd3
dxc4 9. Bxc4 c5 10. dxc5 Qa5 11. O-O Nxc5 12. Qe2 Be6 13. Bxe6 Nxe6 14. Be5 Ng5
15. Bg3 Nfe4 16. Nxe4 Nxe4 17. Bh2 Rfd8 18. b4 Qa3 19. Rab1 Nc3 20. Qb2 Nxb1 21.
Qxb1 Bc3 22. b5 Rd5 23. b6 Qb4 24. Qxb4 Bxb4 25. Rb1 axb6 26. Bc7 Bc5 27. Bxb6
Bxb6 28. Rxb6 Rd7 29. Rb2 f6 30. Kf1 Kf7 31. Ke2 e5 32. Nd2 Ra4 33. f3 f5 34. g3
b5 35. Nb3 Rc7 36. Nd2 Rd7 37. Nb3 Rda7 38. Nc1 b4 39. Rc2 Ra3 40. Rb2 R3a4 41.
Rc2 Ke6 42. Kd2 e4 43. fxe4 fxe4 44. Rc4 Kd5 45. Rd4+ Ke5 46. Rc4 Rd7+ 47. Ke2
h5 48. Rc6 Rd6 49. Rc5+ Rd5 50. Rc6 Kf5 51. Ke1 Ra3 52. Ke2 Rc3 53. Rxc3 bxc3
54. a4 c2 55. a5 Rd1 56. a6 Rxc1 57. a7 Ra1 0-1

[Event "WYCC U18 Girls 2013"]
[Site "Al-Ain UAE"]
[Date "2013.12.24"]
[Round "8.29"]
[White "Mendez Tovar, Jessica Yissel"]
[Black "Durmaz, Ayca Fatma"]
[Result "0-1"]
[WhiteTitle "WFM"]
[BlackTitle "WCM"]
[WhiteElo "1887"]
[BlackElo "1799"]
[WhiteFideId "5113580"]
[BlackFideId "6317855"]
[EventDate "2013.12.18"]

1. d4 Nf6 2. c4 g6 3. Nc3 Bg7 4. e4 d6 5. Nf3 O-O 6. Be2 e5 7. O-O Nbd7 8. d5
Nc5 9. Qc2 a5 10. Ne1 Ne8 11. Be3 b6 12. b3 f5 13. f3 Nf6 14. a3 Bd7 15. Nd3
fxe4 16. Nxc5 bxc5 17. fxe4 Ng4 18. Bxg4 Bxg4 19. Rxf8+ Bxf8 20. Rb1 h5 21. b4
axb4 22. axb4 cxb4 23. Rxb4 h4 24. Nb5 h3 25. Rb1 Qd7 26. Na7 Kg7 27. c5 hxg2
28. cxd6 Bxd6 29. Qxg2 Rf8 30. Qd2 Rf3 31. Rf1 Rxf1+ 32. Kxf1 Bh3+ 33. Ke1 Qg4
34. Qe2 Qg2 35. Nc6 Qh1+ 36. Kd2 Qa1 37. Qc4 Bg2 38. Qc2 Qh1 39. Qb2 Bxe4 40.
Bf2 Qxh2 41. Ke1 Bxd5 42. Qc3 Qh1+ 0-1

[Event "WYCC U18 Girls 2013"]
[Site "Al-Ain UAE"]
[Date "2013.12.24"]
[Round "8.30"]
[White "Nikolovska, Dragana"]
[Black "Schucman, Rebeca Lot"]
[Result "1-0"]
[WhiteElo "1876"]
[BlackElo "1672"]
[WhiteFideId "15000133"]
[BlackFideId "2140691"]
[EventDate "2013.12.18"]

1. e4 c5 2. c3 g6 3. d4 cxd4 4. cxd4 d5 5. e5 Bg7 6. Nc3 Nc6 7. Bb5 Nh6 8. Bf4
f6 9. exf6 exf6 10. Nge2 O-O 11. O-O Be6 12. Qd2 Nf5 13. Bxc6 bxc6 14. Rac1 Qa5
15. Rfe1 Bf7 16. Ng3 Nxg3 17. Bxg3 Qb4 18. a3 Qb7 19. Na4 Rab8 20. Bxb8 Rxb8 21.
b4 Qa6 22. Qc2 Be8 23. Qb3 Qb5 24. Nc5 a5 25. Ne6 Qb7 26. Nxg7 Kxg7 27. Qc3 axb4
28. axb4 Kf7 29. Qc5 Qxb4 30. Re7+ Kf8 31. Rxh7+ Qxc5 32. dxc5 Bf7 33. Rh8+ Bg8
34. f4 Rb4 35. g3 Kg7 36. Rh4 g5 37. fxg5 Rxh4 38. gxh4 fxg5 39. hxg5 Kg6 40.
Kf2 Kh5 41. Kf3 Bh7 42. Kf4 Be4 43. Re1 Bg6 44. Re6 1-0

[Event "WYCC U18 Girls 2013"]
[Site "Al-Ain UAE"]
[Date "2013.12.24"]
[Round "8.32"]
[White "Ruiz Olate, Emily Andrea"]
[Black "Yousfi, Yasmine"]
[Result "1-0"]
[WhiteElo "1851"]
[BlackElo "1649"]
[WhiteFideId "3413535"]
[BlackFideId "7904134"]
[EventDate "2013.12.18"]

1. e4 c6 2. d4 d5 3. Nc3 dxe4 4. Nxe4 Nd7 5. Nf3 Ngf6 6. Bd3 Nxe4 7. Bxe4 Nf6 8.
Bd3 Bg4 9. c3 e6 10. h3 Bh5 11. Qe2 Be7 12. Bd2 a6 13. g4 Bg6 14. Ne5 Bxd3 15.
Qxd3 c5 16. dxc5 Bxc5 17. O-O-O Bxf2 18. Qf3 Qb6 19. g5 Qa5 20. Qxf2 Qxe5 21.
gxf6 gxf6 22. Rhe1 Qa5 23. Qxf6 Rg8 24. Rxe6+ fxe6 25. Qxe6+ Kf8 26. Bh6+ Rg7
27. Rf1+ 1-0

[Event "WYCC U18 Girls 2013"]
[Site "Al-Ain UAE"]
[Date "2013.12.24"]
[Round "8.33"]
[White "Barbier, Astrid"]
[Black "Orlina, Laura"]
[Result "1-0"]
[WhiteElo "1789"]
[BlackElo "1694"]
[WhiteFideId "200395"]
[BlackFideId "11601655"]
[EventDate "2013.12.18"]

1. b3 Nf6 2. Bb2 d6 3. e3 g6 4. d4 Bg7 5. Nf3 O-O 6. Be2 Bf5 7. O-O Nc6 8. a3
Qe8 9. c4 e5 10. Nc3 Qe7 11. Re1 Rad8 12. d5 Nb8 13. h3 c5 14. dxc6 bxc6 15. Qc1
d5 16. Bf1 h5 17. Nd2 Bh6 18. Ne2 Nbd7 19. Ng3 Qe6 20. Qc3 Rfe8 21. Rad1 Kh7 22.
Nf3 Ne4 23. Nxe4 Bxe4 24. Nh2 Bf5 25. Qa5 Nf6 26. Nf3 Nd7 27. cxd5 cxd5 28. Rxd5
Be4 29. Rd2 Bxf3 30. gxf3 Qxb3 31. Bb5 Qe6 32. Red1 Qxh3 33. Rxd7 Qxf3 34. Rxd8
Qg4+ 35. Kf1 Qh3+ 36. Ke1 Rxd8 37. Qxd8 Bxe3 38. fxe3 Qxe3+ 39. Be2 g5 40. Qf6
Qb3 41. Bxe5 1-0

[Event "WYCC U18 Girls 2013"]
[Site "Al-Ain UAE"]
[Date "2013.12.24"]
[Round "8.34"]
[White "Senarath, Kavindi"]
[Black "Abdelmenaem, Sohayla"]
[Result "0-1"]
[BlackTitle "WFM"]
[WhiteElo "1617"]
[BlackElo "1734"]
[WhiteFideId "9904344"]
[BlackFideId "10610529"]
[EventDate "2013.12.18"]

1. e4 c5 2. Nc3 Nc6 3. f4 g6 4. Nf3 Bg7 5. Be2 e6 6. d3 Nge7 7. O-O O-O 8. Bd2
Nd4 9. Kh1 d5 10. Rb1 Nec6 11. Na4 b6 12. b3 Ba6 13. c3 Nxe2 14. Qxe2 dxe4 15.
Qxe4 Bxd3 16. Qe3 Bxb1 17. Rxb1 Ne7 18. Qe2 Qc7 19. c4 Nf5 20. Rd1 Rfd8 21. Rf1
Rd7 22. Ng5 Rad8 23. Bc3 Bxc3 24. Nxc3 Rd2 25. Qf3 R2d3 26. Qf2 Rxc3 27. g4 Qc6+
28. Kg1 Ne3 0-1